00356nam a22001217a 450000500170000002000240001703500220004103700130006310000190007624500780009526000420017330000190021520180821130543.0 a8170003040c1000.00 aB-31439, B-031441 aDPLbENG aGarkoti, G. K. aConcise encyclopaedia of Library Information technology /cby G K Garkoti aNew DelhibEss Ess Publicationsc2001 a504p.c18 cms.